00650nam a2200169Ia 4500001001000000003000500010008004100015010001100056040000900067110006100076245019700137260003100334300002100365650001300386650004400399650003700443Para_2140CHAP220125s1999 xx 000 0 und d a200754 cCHAP aComité estatal de sanidad vegetal Guanajuato. México aCampaña sobre uso y manejo adecuado de plaguicidas en fresa :b Guía de insecticidas autorizados para el cultivo de fresa en México /c por Comité estatal de sanidad vegetal Guanajuato aIrapuato, Gto. :b CESAVEG aHoja desplegable 7aFresas2 aPesticidas x efecto en medio ambiente  aPesticidas x efecto en plantas